000 00290nam a22001337a 4500
008 180926b xxu||||| |||| 00| 0 eng d
020 _a9780740768576
041 _aeng
080 _25th
_a616.8-006
100 _a6
101 _aKAN
245 _aCancer Therapy
_cKo,A.H
942 _2udc
_cBK
999 _c48479
_d48479